000
00246nam a2200109Ia 4500
008
190216s9999||||xx |||||||||||||| ||und||
100
_a
Umakanth R
245
0
_a
Hindi-Sorabne Ke Sad Sad Kamj
260
_b
Cjr Tes
650
_a
Hindi
942
_c
BK
999
_c
15477
_d
15477